Catholic University of Zimbabwe Library
Online Public Access Catalogue
(OPAC)

An illustrated history of modern times : (Record no. 1119)

MARC details
000 -LEADER
fixed length control field 00593nam a22001932 4500
001 - CONTROL NUMBER
control field 0000001202
005 - DATE AND TIME OF LATEST TRANSACTION
control field 20170406113239.0
008 - FIXED-LENGTH DATA ELEMENTS--GENERAL INFORMATION
fixed length control field 131211s xx 000 0 eng d
020 ## - INTERNATIONAL STANDARD BOOK NUMBER
Terms of availability $
040 ## - CATALOGING SOURCE
Original cataloging agency Your Holding Symbol
Transcribing agency Your Holding Symbol
100 1# - MAIN ENTRY--PERSONAL NAME
Personal name Richards, Denis.
245 13 - TITLE STATEMENT
Title An illustrated history of modern times :
Remainder of title 1789-1974 /
Statement of responsibility, etc. by Denis Richards and J.W. Hunt.
250 ## - EDITION STATEMENT
Edition statement New ed.
300 ## - PHYSICAL DESCRIPTION
Extent 369 p. :
Other physical details ill ;
Dimensions cm.
500 ## - GENERAL NOTE
General note Includes index.
651 #0 - SUBJECT ADDED ENTRY--GEOGRAPHIC NAME
Geographic name Europe
General subdivision History
Chronological subdivision 1789-1900.
651 #0 - SUBJECT ADDED ENTRY--GEOGRAPHIC NAME
Geographic name Europe
General subdivision History
Chronological subdivision 20th Century.
908 ## - PUT COMMAND PARAMETER (RLIN)
Put command parameter 131211
Holdings
Withdrawn status Lost status Source of classification or shelving scheme Damaged status Not for loan Home library Current library Shelving location Date acquired Total Checkouts Full call number Barcode Date last seen Copy number Price effective from Koha item type
          CUZ Harare Campus CUZ Harare Campus Open Shelf 06.04.2017   D 299 R5 BK0001528 06.04.2017 CU6229 06.04.2017 OS Book

OPENING HOURS

Weekdays: 0815hrs - 1800hrs
Weekends:0900hrs - 1200hrs

Closed for Mass:

Mon, Thur: 1200hrs - 1300hrs
Sunday & Public Holiday’s

CALL SUPPORT

0242-570570, 0242-570169
09200664, +263 8644140602

LOCATION

18443, Cranborne Avenue, Hatfield, Harare

Other Links


©2021 | CUZ Library